| 000 | 00568nam a2200205 a 4500 | ||
|---|---|---|---|
| 005 | 20140412111303.0 | ||
| 008 | 001116s19uu xx 00 eng d | ||
| 020 | _a0-307-12895-4 | ||
| 050 |
_aER _bMe46 1995 |
||
| 100 | _aBirney, Betty | ||
| 245 |
_aMeltdown at the wax museum / _cBetty Birney ; illustrated by Animated Arts. |
||
| 260 |
_aNew York : _bA Golden Book. |
||
| 300 | _a1 v. (unp.) | ||
| 440 | _aGolden look-look book | ||
| 650 | _aReading | ||
| 650 | _aMuseums -- Fiction | ||
| 650 | _aAnimated Arts, ill. | ||
| 999 |
_c103495 _d103495 |
||